Países del Imperio Neerlandés en un mapa - Estadísticas

Estadísticas generales
  • Esta prueba ha sido intentada 52 veces
  • La puntuación promedio es 12 de 13
Respuestas en el mapa
Las respuestas están codificadas por una escala verde-roja en el mapa de la prueba según el % correcto abajo.
 
Estadísticas de respuestas
Respuesta % Correcto
Bélgica
98%
Brasil
98%
Estados Unidos
98%
Guyana
98%
India
98%
Indonesia
98%
Países Bajos
98%
Sri Lanka
98%
Surinam
98%
Luxemburgo
87%
Sudáfrica
87%
Taiwan
84%
Ghana
62%
No se encontraron pruebas coincidentes
Distribución de puntuación
Porcentaje de gente con cada puntuación
Porcentaje por número respondido
Historial de tus puntuaciones
No has intentado esta prueba.